Tennessee Counties by Population - Statistics

General Stats
  • This quiz has been taken 70 times
  • The average score is 36 of 95
Answer Stats
Population County % Correct
703,953 Davidson
95%
924,454 Shelby
95%
486,677 Knox
90%
369,135 Hamilton
75%
352,182 Rutherford
70%
200,557 Sumner
70%
255,735 Williamson
70%
151,917 Wilson
70%
227,900 Montgomery
65%
159,265 Sullivan
65%
137,605 Blount
60%
110,162 Bradley
60%
98,775 Madison
60%
99,517 Sevier
60%
104,760 Maury
55%
134,236 Washington
55%
81,118 Putnam
50%
77,576 Anderson
45%
74,098 Robertson
45%
59,032 Coffee
40%
64,468 Hamblen
40%
56,690 Loudon
40%
41,523 Cheatham
35%
62,451 Cumberland
35%
70,621 Greene
35%
25,108 Lauderdale
35%
61,004 Tipton
35%
51,119 Bedford
30%
15,872 Benton
30%
15,234 Bledsoe
30%
39,578 Campbell
30%
14,553 Cannon
30%
28,432 Carroll
30%
56,134 Carter
30%
17,504 Chester
30%
32,267 Claiborne
30%
7,555 Clay
30%
36,418 Cocke
30%
13,979 Crockett
30%
11,391 Decatur
30%
20,478 DeKalb
30%
55,292 Dickson
30%
36,615 Dyer
30%
42,832 Fayette
30%
43,215 Franklin
30%
50,541 Gibson
30%
30,542 Giles
30%
23,763 Grainger
30%
6,787 Hancock
30%
25,426 Hardeman
30%
26,892 Hardin
30%
57,288 Hawkins
30%
17,694 Haywood
30%
27,953 Henderson
30%
32,239 Henry
30%
25,307 Hickman
30%
8,317 Houston
30%
19,211 Humphreys
30%
55,624 Jefferson
30%
18,170 Johnson
30%
7,128 Lake
30%
44,828 Lawrence
30%
35,433 Lincoln
30%
25,699 Macon
30%
28,877 Marion
30%
34,984 Marshall
30%
54,059 McMinn
30%
25,860 McNairy
30%
13,049 Meigs
30%
46,698 Monroe
30%
6,644 Moore
30%
21,254 Morgan
30%
30,466 Obion
30%
22,839 Overton
30%
8,472 Perry
30%
5,079 Pickett
30%
17,776 Polk
30%
33,136 Rhea
30%
53,992 Roane
30%
21,917 Scott
30%
16,396 Sequatchie
30%
20,172 Smith
30%
13,855 Stewart
30%
12,035 Trousdale
30%
17,698 Unicoi
30%
20,040 Union
30%
6,324 Van Buren
30%
41,523 Warren
30%
16,409 Wayne
30%
27,650 White
30%
18,850 Fentress
25%
13,622 Grundy
25%
11,750 Jackson
25%
12,857 Lewis
25%
33,036 Weakley
25%
No matching quizzes found
Score Distribution
Percent of People with Each Score
Percentile by Number Answered
Your Score History
You have not taken this quiz